<?xml version="1.0" encoding="UTF-8"?><marc:collection xmlns:marc="http://www.loc.gov/MARC21/slim">
  <marc:record>
    <marc:leader>00000nam  2200000za 4500</marc:leader>
    <marc:controlfield tag="001">9.800334</marc:controlfield>
    <marc:controlfield tag="003">CaOODSP</marc:controlfield>
    <marc:controlfield tag="005">20210625000952</marc:controlfield>
    <marc:controlfield tag="007">cr |||||||||||</marc:controlfield>
    <marc:controlfield tag="008">150501s2015    xxc    |s    f|0| 0 fre d</marc:controlfield>
    <marc:datafield tag="040" ind1=" " ind2=" ">
      <marc:subfield code="a">CaOODSP</marc:subfield>
      <marc:subfield code="b">fre</marc:subfield>
    </marc:datafield>
    <marc:datafield tag="041" ind1=" " ind2=" ">
      <marc:subfield code="a">fre</marc:subfield>
      <marc:subfield code="a">eng</marc:subfield>
    </marc:datafield>
    <marc:datafield tag="043" ind1=" " ind2=" ">
      <marc:subfield code="a">n-cn---</marc:subfield>
    </marc:datafield>
    <marc:datafield tag="086" ind1=" " ind2=" ">
      <marc:subfield code="a">XB412-26/3-PDF</marc:subfield>
    </marc:datafield>
    <marc:datafield tag="110" ind1="1" ind2=" ">
      <marc:subfield code="a">Canada. </marc:subfield>
      <marc:subfield code="b">Parlement. </marc:subfield>
      <marc:subfield code="b">Chambre des communes.</marc:subfield>
    </marc:datafield>
    <marc:datafield tag="245" ind1="1" ind2="0">
      <marc:subfield code="a">An Act to amend the Criminal Code, the Canada Evidence Act and the Sex Offender Information Registration Act, to enact the High Risk Child Sex Offender Database Act and to make consequential amendments to other Acts.</marc:subfield>
      <marc:subfield code="h">[ressource électronique] =</marc:subfield>
      <marc:subfield code="b">Loi modifiant le Code criminel, la Loi sur la preuve au Canada et la Loi sur l'enregistrement de renseignements sur les délinquants sexuels, édictant la Loi sur la banque de données concernant les délinquants sexuels à risque élevé (infractions sexuelles visant les enfants) et modifiant d'autres lois en conséquence.</marc:subfield>
    </marc:datafield>
    <marc:datafield tag="246" ind1="1" ind2="1">
      <marc:subfield code="a">Loi modifiant le Code criminel, la Loi sur la preuve au Canada et la Loi sur l’enregistrement de renseignements sur les délinquants sexuels, édictant la Loi sur la banque de données concernant les délinquants sexuels à risque élevé (infractions sexuelles visant les enfants) et modifiant d’autres lois en conséquence</marc:subfield>
    </marc:datafield>
    <marc:datafield tag="246" ind1="1" ind2="3">
      <marc:subfield code="i">[titre abrégé].</marc:subfield>
      <marc:subfield code="a">Loi sur le renforcement des peines pour les prédateurs d’enfants</marc:subfield>
    </marc:datafield>
    <marc:datafield tag="260" ind1=" " ind2=" ">
      <marc:subfield code="a">Ottawa : </marc:subfield>
      <marc:subfield code="b">Chambre des communes, </marc:subfield>
      <marc:subfield code="c">2015.</marc:subfield>
    </marc:datafield>
    <marc:datafield tag="300" ind1=" " ind2=" ">
      <marc:subfield code="a">22 p.</marc:subfield>
    </marc:datafield>
    <marc:datafield tag="490" ind1="1" ind2=" ">
      <marc:subfield code="a">Projet de loi C-...</marc:subfield>
      <marc:subfield code="v">C-26, 2e session, 41e législature</marc:subfield>
    </marc:datafield>
    <marc:datafield tag="518" ind1=" " ind2=" ">
      <marc:subfield code="a">Adopté par la Chambre des communes le 27 mars 2015.</marc:subfield>
    </marc:datafield>
    <marc:datafield tag="546" ind1=" " ind2=" ">
      <marc:subfield code="a">Texte en français et en anglais sur deux colones.</marc:subfield>
    </marc:datafield>
    <marc:datafield tag="692" ind1="0" ind2="7">
      <marc:subfield code="2">gccst</marc:subfield>
      <marc:subfield code="a">Infraction sexuelle</marc:subfield>
    </marc:datafield>
    <marc:datafield tag="791" ind1=" " ind2=" ">
      <marc:subfield code="t">An Act to amend the Criminal Code, the Canada Evidence Act and the Sex Offender Information Registration Act, to enact the High Risk Child Sex Offender Database Act and to make consequential amendments to other Acts.</marc:subfield>
      <marc:subfield code="e">eng</marc:subfield>
      <marc:subfield code="w">(CaOODSP)9.800325</marc:subfield>
    </marc:datafield>
    <marc:datafield tag="830" ind1="#" ind2="0">
      <marc:subfield code="a">Chambre des communes du Canada, projet de loi ;</marc:subfield>
      <marc:subfield code="v">C-26, 2e session, 41e législature</marc:subfield>
      <marc:subfield code="w">(CaOODSP)9.500660</marc:subfield>
    </marc:datafield>
    <marc:datafield tag="856" ind1="4" ind2="0">
      <marc:subfield code="q">PDF</marc:subfield>
      <marc:subfield code="s">156 Ko</marc:subfield>
      <marc:subfield code="u">https://publications.gc.ca/collections/collection_2015/parl/XB412-26-3.pdf</marc:subfield>
    </marc:datafield>
  </marc:record>
</marc:collection>
